000 00313nam a2200133Ia 4500
005 20251222143309.0
008 251222s9999||||xx |||||||||||||| ||spa||
020 _a84-666-1946-1
082 _a818.6/K25
100 _aKatzenbach, John
245 0 _aLa Historia del Loco
264 _bEdiciones, B.
942 _cLIB
999 _c15630
_d15630